书目信息 |
| 题名: |
富爸爸 富孩子,聪明孩子
|
|
| 作者: | 清崎 , Kiyosaki , 莱希特 , Lechter 著 ;王丽洁 译 | |
| 分册: | ||
| 出版信息: | 北京 世界图书出版公司北京公司 2001 |
|
| 页数: | 260页 | |
| 开本: | 23cm | |
| 丛书名: | 世图财商系列 | |
| 单 册: | ||
| 中图分类: | F063.4 , TS976.15 | |
| 科图分类: | ||
| 主题词: | 儿童教育--家庭教育--通俗读物 , 家庭--经济管理--普及读物 , 儿童教育 , 家庭教育 , 家庭 , 经济管理 , 经济学--分支科学 | |
| 电子资源: | ||
| ISBN: | 7-5062-5170-1 | |
| 000 | 01429oam2 2200397 450 | |
| 001 | 1553682325 | |
| 005 | 20150129145515.37 | |
| 010 | @a7-5062-5170-1@dCNY24.80 | |
| 100 | @a20011217d2001 em y0chiy0110 ea | |
| 101 | 1 | @achi@ceng |
| 102 | @aCN@b110000 | |
| 105 | @ay z 000yy | |
| 200 | 1 | @a富爸爸 富孩子,聪明孩子@Afu ba ba fu hai zi , cong ming hai zi@f(美)罗伯特·T.清崎(Robert T.Kiyosaki),(美)莎伦·L.莱希特(Sharon L.Lechter)著@g王丽洁译 |
| 210 | @a北京@c世界图书出版公司北京公司@d2001 | |
| 215 | @a260页@d23cm | |
| 225 | 2 | @a世图财商系列@i富爸爸丛书 |
| 330 | @a本书主要内容有:给你的孩子力量——在你给他们金钱之前、如果你想致富,必须做“家庭作业”、孩子们在玩耍中学习、零花钱作什么用?如何发现孩子的自然天赋?等。 | |
| 461 | 0 | @12001 @a世图财商系列 |
| 462 | 0 | @12001 @a富爸爸丛书 |
| 510 | 1 | @aRich Dad's, Rich Kid, Smart Kid@eGiving Your Child Financial Head Start@zeng |
| 606 | 0 | @a儿童教育@x家庭教育@j通俗读物 |
| 606 | 0 | @a家庭@x经济管理@j普及读物 |
| 606 | 0 | @a儿童教育 |
| 606 | 0 | @a家庭教育 |
| 606 | 0 | @a家庭 |
| 606 | 0 | @a经济管理 |
| 606 | 0 | @a经济学@x分支科学 |
| 690 | @aF063.4@v4 | |
| 690 | @aTS976.15@v4 | |
| 701 | 1 | @a清崎@Aqing qi@bRobert T.@4著 |
| 701 | 1 | @aKiyosaki@bRobert T.@4著 |
| 701 | 1 | @a莱希特@Alai xi te@bSharon L.@4著 |
| 701 | 1 | @aLechter@bSharon L.@4著 |
| 702 | 0 | @a王丽洁@Awang li jie@4译 |
| 801 | 0 | @aCN@bNLC@c20101222 |
| 905 | @aZUCC@dF063.4@eJY115 | |
| 富爸爸 富孩子,聪明孩子/(美)罗伯特·T.清崎(Robert T.Kiyosaki),(美)莎伦·L.莱希特(Sharon L.Lechter)著/王丽洁译.-北京:世界图书出版公司北京公司,2001 |
| 260页;23cm.-(世图财商系列.富爸爸丛书) |
| ISBN 7-5062-5170-1:CNY24.80 |
| 本书主要内容有:给你的孩子力量——在你给他们金钱之前、如果你想致富,必须做“家庭作业”、孩子们在玩耍中学习、零花钱作什么用?如何发现孩子的自然天赋?等。 |
| ● |
| 相关链接 |
|
|
|
|
正题名:富爸爸 富孩子,聪明孩子
索取号:F063.4/JY115
 
预约/预借
| 序号 | 登录号 | 条形码 | 馆藏地/架位号 | 状态 | 备注 |
| 1 | 7852424 | 278524241 | 学院路分馆/ [索取号:F063.4/JY115] | 在馆 |